000
00289nam a22001217a 4500
008
181207b xxu||||| |||| 00| 0 eng d
041
_a
eng
080
_2
5 TH
_a
510
100
_a
39
101
_a
MAT
245
_a
Fundamentals Of Algebra To Trigometry
_c
Swokowski,T
942
_2
udc
_c
BK
999
_c
52993
_d
52993